000 00572cam a2200205 4500500
005 20260329003842.0
041 _afre
042 _adc
100 1 0 _aLegros, Martin
_eauthor
245 0 0 _aRepérages / Mai 2017
260 _c2017.
500 _a31
690 _aBenoît Hamon
690 _aGange
690 _aMachiavel
690 _aMilgram
690 _aTorture
786 0 _nPhilosophie magazine | 109 | 5 | 2017-05-01 | p. 5-6 | 1951-1787
856 4 1 _uhttps://shs.cairn.info/magazine-philosophie-magazine-2017-5-page-5?lang=fr&redirect-ssocas=7080
999 _c1828383
_d1828383